=LDR 00000nam 2200000 4500 =001 INLIS000000000027803 =005 20200504013253 =035 ##$$a 0010-061300000027803 =008 200504################g##########0#ind## =082 ##$$a 2x3.541 =100 1#$$a Mubin, Nurul =245 1#$$a Misteri bidadari surga : $b Mengurai segala rahasia cinta, kesucian dan kecantikan bidadari surga yang di janjikan Allah SWT /$c Nurul Mubin =260 ##$$a Yogyakarta :$b Diva Press,$c 2007 =440 ##$$aMISTERI BIDADARI SURGA =850 ##$$a NBPNMAT =020 ##$$a 979-963-345-3 =084 ##$$a 2x3.541 MUB m =300 ##$$a 230 hlm. ; $c 13,5x20 cm. =650 #4$$a Bidadari surga =990 ##$$a 20704427 =990 ##$$a 20704423